00475 2200169 4500001002100000005001500021035002000036008004100056245007500097260003900172300002700211020002200238084001600260082001000276650000900286990001000295INLIS00000000000021820231107085201 a0010-1123000218231107 0  aKecil - Kecil Punya Karya :bHijab Lover /cAminah Hafidzatunnisa, dkk aBandung :bPT Mizan Pustaka,c2014 a104 hlm; ilus ;c21 cm a978-602-1128-37-4 a741.K HAF h a741.K 4aSeni a1.717